000 00614nam a2200193Ia 4500
005 20250923145518.0
008 008 250917s9999 xx 000 0 eng d
037 _aTextual
040 _aDSWL
_beng
_cDSWL
041 _aeng
_2eng
084 _aY33:7:p251,N68, N69
_qDSWL
245 0 _aAdministration of the Urban Fringe proceeding of the seminar 1968
_c by Indian Institute of Public Administration
260 _aNew Delhi
_bDelhi I.I.P.A.
_c1969
300 _aiv,34 p.
365 _aINR
_b2.7
925 _g2.7
942 _cTEXL
_hY33:7:p251,N68, N69
999 _c1452266
_d1452266